00499nam a22001577a 4500003000900000008004100009040007100050082001700121100001500138245003600153260005500189300004800244505001400292650001400306650002100320AR-CdUCM190228b ||||| |||| 00| 0 spa d aMUNICIPALIDAD PROVINCIAL DEL CUSCOcBIBLIOTECA MUNICIPAL DEL CUSCO a868.6 /bX53 aXuewu, Qiu aViaje por el Río Changjiang / aChina :bEdiciones en Lenguas Extranjeras ;c1980. a136 páginas bfotografías, mapas c18cm aNarrativa aNarrativa aLiteratura china